[Event "23. Collado Villalba"]
[Site "Collado Villalba ESP"]
[Date "2006.08.21"]
[Round "3.1"]
[White "Cueto, Johny"]
[Black "Vazquez Igarza, Renier"]
[Result "1/2-1/2"]
[WhiteElo "2314"]
[BlackElo "2517"]
[PlyCount "123"]
[EventDate "2006.08.19"]
[EventType "swiss"]
[EventRounds "1"]
[EventCountry "ESP"]
[Source "lmi"]
[SourceDate "2006.08.21"]

1. d4 Nf6 2. Nf3 e6 3. Bf4 b6 4. Nbd2 Bb7 5. e3 Be7 6. h3 Bd6 7. Bxd6 cxd6 8.
Bd3 d5 9. O-O Nc6 10. c3 O-O 11. Re1 Ne7 12. Qb1 Ng6 13. Ne5 d6 14. Nxg6 hxg6
15. a4 a6 16. e4 dxe4 17. Nxe4 Bxe4 18. Bxe4 d5 19. Bd3 Qd7 20. Qd1 Qb7 21. Qe2
Rfe8 22. g3 Nd7 23. f4 f5 24. g4 Nf6 25. g5 Ne4 26. h4 Qc7 27. Qf1 Kf7 28. Bxe4
fxe4 29. Kg2 Rf8 30. Kg3 Kg8 31. Qf2 Rf7 32. Rf1 Raf8 33. Qe3 Qc4 34. Rf2 a5
35. Kg2 Rf5 36. Kg3 Kf7 37. Qe2 Qc7 38. Raf1 Ke7 39. Qb5 Rc8 40. Kg4 Rff8 41.
Rh2 Rh8 42. Kg3 Qc4 43. Kg4 Qxb5 44. axb5 a4 45. Rh3 Ra8 46. h5 gxh5+ 47. Rxh5
Rxh5 48. Kxh5 Kf7 49. f5 Rh8+ 50. Kg4 Rh2 51. f6 Rg2+ 52. Kh5 e3 53. fxg7+ Rf2
54. Re1 Rh2+ 55. Kg4 Rxb2 56. Rxe3 Kxg7 57. Rxe6 Rxb5 58. Kf5 Ra5 59. Rxb6 a3
60. Rb7+ Kf8 61. Rb8+ Kg7 62. Rb7+ 1/2-1/2

[Event "23. Collado Villalba"]
[Site "Collado Villalba ESP"]
[Date "2006.08.21"]
[Round "3.12"]
[White "Rubio Mejia, Luis Ignacio"]
[Black "Suba, Mihai"]
[Result "0-1"]
[WhiteElo "2116"]
[BlackElo "2533"]
[PlyCount "108"]
[EventDate "2006.08.19"]
[EventType "swiss"]
[EventRounds "1"]
[EventCountry "ESP"]
[Source "lmi"]
[SourceDate "2006.08.21"]

1. d4 Nf6 2. c4 e6 3. Nc3 Bb4 4. e3 O-O 5. Bd3 c5 6. Nf3 d5 7. O-O dxc4 8. Bxc4
Nbd7 9. a3 cxd4 10. axb4 dxc3 11. bxc3 Qc7 12. Qb3 Nb6 13. Be2 e5 14. Ra5 Be6
15. Qc2 Nbd7 16. c4 b6 17. Ra6 Rfc8 18. Nd2 Nb8 19. Ra3 a5 20. Bb2 Nc6 21. b5
Ne7 22. f4 Nd7 23. Rc3 exf4 24. exf4 Bf5 25. Bd3 Nf8 26. Kh1 Bxd3 27. Rxd3 f6
28. Rg3 Kh8 29. f5 Ng8 30. Qe4 Re8 31. Qg4 Qb7 32. h3 Rad8 33. Bc3 Qe7 34. c5
Nh6 35. Qh4 bxc5 36. Bxa5 Rd4 37. Qh5 Rb8 38. Bc3 Rd5 39. Nc4 Rxb5 40. Re3 Qf7
41. Qxf7 Nxf7 42. Ra1 Rb8 43. Ra7 Nh6 44. g4 Ng8 45. Kg2 h6 46. Kf3 Nh7 47. Kf4
Rbd8 48. Rc7 h5 49. Nb6 Rd3 50. Rxc5 Ng5 51. gxh5 Nxh3+ 52. Kf3 Nh6 53. Be1
Ng5+ 54. Ke2 Rxe3+ 0-1

[Event "23. Collado Villalba"]
[Site "Collado Villalba ESP"]
[Date "2006.08.21"]
[Round "3.6"]
[White "Pastor Alonso De Prado, Alberto"]
[Black "Roa Alonso, Santiago"]
[Result "1/2-1/2"]
[WhiteElo "2230"]
[BlackElo "2418"]
[PlyCount "106"]
[EventDate "2006.08.19"]
[EventType "swiss"]
[EventRounds "1"]
[EventCountry "ESP"]
[Source "lmi"]
[SourceDate "2006.08.21"]

1. e4 e5 2. Nc3 Nf6 3. Nf3 Nc6 4. Bb5 Bd6 5. d4 exd4 6. Nxd4 O-O 7. O-O Re8 8.
Nf5 Be5 9. Bd3 d6 10. Bg5 Bxf5 11. exf5 d5 12. Qd2 Qd6 13. Nb5 Qd8 14. c3 a6
15. Na3 h6 16. Bh4 Ne4 17. Bxd8 Nxd2 18. Rfd1 Nf3+ 19. gxf3 Raxd8 20. Nc2 Bf4
21. Ne1 Ne5 22. Be2 Nc4 23. Bxc4 dxc4 24. Ng2 Bd2 25. Kf1 Kf8 26. a4 a5 27. f6
g6 28. Ne3 Bxe3 29. fxe3 Rd3 30. Rxd3 cxd3 31. e4 Re6 32. Rd1 Rxf6 33. Rxd3 Ke7
34. Ke2 Rf4 35. Kf2 g5 36. Kg3 f5 37. exf5 Rxa4 38. Re3+ Kf6 39. Re6+ Kxf5 40.
Rxh6 Ra2 41. Rh7 Rxb2 42. Rxc7 b6 43. Rf7+ Ke5 44. Rg7 Kf6 45. Ra7 Rb5 46. c4
Rc5 47. Ra6 Rc6 48. c5 Rxc5 49. Rxb6+ Ke5 50. Ra6 Kd4 51. h4 gxh4+ 52. Kxh4 Kc4
53. f4 Kb4 1/2-1/2

[Event "23. Collado Villalba"]
[Site "Collado Villalba ESP"]
[Date "2006.08.21"]
[Round "3.4"]
[White "Babaev, Rashad"]
[Black "Madina Yadarola, Martin"]
[Result "1/2-1/2"]
[WhiteElo "2454"]
[BlackElo "2262"]
[PlyCount "98"]
[EventDate "2006.08.19"]
[EventType "swiss"]
[EventRounds "1"]
[EventCountry "ESP"]
[Source "lmi"]
[SourceDate "2006.08.21"]

1. e4 c5 2. Nf3 d6 3. d4 cxd4 4. Nxd4 Nf6 5. Nc3 a6 6. Be2 e6 7. a4 Nc6 8. O-O
Be7 9. Kh1 Qc7 10. f4 Bd7 11. Nb3 Na5 12. Nxa5 Qxa5 13. Bd2 Qc7 14. Bd3 O-O 15.
a5 Bc6 16. Qe2 Nd7 17. b4 Bf6 18. Ra3 g6 19. Nd1 Bg7 20. c4 f5 21. Nf2 Rae8 22.
b5 Bxe4 23. Nxe4 fxe4 24. Bxe4 Nc5 25. Bf3 Bb2 26. Ra2 Bd4 27. g3 Qg7 28. h4 e5
29. fxe5 Rxe5 30. Qd1 axb5 31. cxb5 Ref5 32. Bf4 Be5 33. Bxe5 Qxe5 34. Kg2 Ne4
35. Qe1 Qd5 36. Rc2 Rxf3 37. Rxf3 Ng5 38. hxg5 Qxf3+ 39. Kg1 Qh5 40. Qe2 Qxg5
41. Rc3 Qf6 42. Rd3 Qa1+ 43. Kg2 Qxa5 44. Rxd6 Qc7 45. Qd3 Qf7 46. Rd7 Qa2+ 47.
Kh3 Qe6+ 48. Kg2 Qa2+ 49. Kh3 Qe6+ 1/2-1/2

[Event "23. Collado Villalba"]
[Site "Collado Villalba ESP"]
[Date "2006.08.21"]
[Round "3.2"]
[White "Petkov, Vladimir"]
[Black "Perez Gonzalez, Jose Manuel"]
[Result "1-0"]
[WhiteElo "2480"]
[BlackElo "2281"]
[PlyCount "97"]
[EventDate "2006.08.19"]
[EventType "swiss"]
[EventRounds "1"]
[EventCountry "ESP"]
[Source "lmi"]
[SourceDate "2006.08.21"]

1. d4 Nf6 2. c4 c5 3. d5 b5 4. Nd2 bxc4 5. e4 c3 6. bxc3 d6 7. Bb5+ Bd7 8. Bd3
g6 9. Ngf3 Bg4 10. Qa4+ Bd7 11. Qb3 Qc7 12. O-O Bg7 13. h3 O-O 14. Nc4 Bc8 15.
Bf4 Nfd7 16. Rfe1 Ba6 17. Rad1 Bxc4 18. Bxc4 Nb6 19. Bf1 N8d7 20. a4 a5 21. Bb5
c4 22. Qa3 Rfd8 23. Nd4 Nc5 24. Nc6 Nd3 25. Rxd3 cxd3 26. c4 Rf8 27. c5 Nc8 28.
Bxd3 e5 29. Bd2 dxc5 30. Qxc5 Qd6 31. Be3 Re8 32. Qc2 Qc7 33. Rb1 Bf8 34. Qd2
Ba3 35. Rb3 Qd6 36. Qc3 Bb4 37. Nxb4 axb4 38. Rxb4 Re7 39. Bb5 Rc7 40. Bc6 Na7
41. Bc5 Rxc6 42. dxc6 Qd1+ 43. Kh2 Nxc6 44. Rb7 Qxa4 45. Qf3 Nd8 46. Re7 Qc6
47. Be3 Ra4 48. Bh6 Rb4 49. Qf6 1-0

[Event "23. Collado Villalba"]
[Site "Collado Villalba ESP"]
[Date "2006.08.21"]
[Round "3.3"]
[White "Alonso Fernandez, Marcos"]
[Black "Moreno Ruiz, Javier"]
[Result "0-1"]
[WhiteElo "2296"]
[BlackElo "2469"]
[PlyCount "86"]
[EventDate "2006.08.19"]
[EventType "swiss"]
[EventRounds "1"]
[EventCountry "ESP"]
[Source "lmi"]
[SourceDate "2006.08.21"]

1. d4 Nf6 2. c4 g6 3. Nc3 Bg7 4. Nf3 d6 5. Bg5 h6 6. Bh4 O-O 7. h3 c5 8. e3 Bf5
9. Bd3 Bxd3 10. Qxd3 Nbd7 11. O-O a6 12. a3 Qc7 13. Rac1 cxd4 14. exd4 Rac8 15.
Ne2 e5 16. Qe3 Rfe8 17. Bxf6 Nxf6 18. d5 Nd7 19. b4 e4 20. Nd2 Qb6 21. Rc2 Qxe3
22. fxe3 b5 23. Rfc1 Nb6 24. Kf2 Rcd8 25. Nf4 g5 26. Nh5 f5 27. cxb5 axb5 28.
Nxg7 Kxg7 29. Rc7+ Kf6 30. Rb7 Rb8 31. Rh7 Nxd5 32. Rxh6+ Ke5 33. Rc6 Ra8 34.
Nb1 Re6 35. Rh7 f4 36. exf4+ Nxf4 37. Rb7 e3+ 38. Ke1 Nxg2+ 39. Ke2 Nf4+ 40.
Ke1 e2 41. Nc3 Rxa3 42. Nxe2 Nxe2 43. Rxb5+ Kf6 0-1

[Event "23. Collado Villalba"]
[Site "Collado Villalba ESP"]
[Date "2006.08.21"]
[Round "3.5"]
[White "Zambrana, Oswaldo"]
[Black "Gavilan Diaz, Mario"]
[Result "1-0"]
[WhiteElo "2429"]
[BlackElo "2229"]
[PlyCount "77"]
[EventDate "2006.08.19"]
[EventType "swiss"]
[EventRounds "1"]
[EventCountry "ESP"]
[Source "lmi"]
[SourceDate "2006.08.21"]

1. e4 c5 2. Nf3 d6 3. d4 cxd4 4. Nxd4 Nf6 5. Nc3 a6 6. Bg5 e6 7. f4 Be7 8. Qf3
Qc7 9. O-O-O Nbd7 10. g4 b5 11. Bxf6 gxf6 12. Bd3 b4 13. Nce2 Bb7 14. Kb1 Nc5
15. Nb3 O-O-O 16. f5 e5 17. Nxc5 Qxc5 18. Ng3 Kb8 19. Qe2 Rc8 20. b3 a5 21. Bc4
a4 22. Rd3 Qb6 23. Bxf7 Rc5 24. bxa4 Ba6 25. Qd2 Rhc8 26. Bb3 Bxd3 27. Qxd3 Rc3
28. Qe2 R8c5 29. Rd1 Qc6 30. Qd2 Qc7 31. Ne2 Qb7 32. Nxc3 bxc3 33. Qe3 Rc4 34.
Ka1 Rc5 35. Rb1 Kc7 36. Qh6 Qxe4 37. Qxh7 Kd8 38. Qg8+ Kc7 39. Be6 1-0

[Event "23. Collado Villalba"]
[Site "Collado Villalba ESP"]
[Date "2006.08.21"]
[Round "3.15"]
[White "Lorite Cruz, Francisco"]
[Black "Erice Alonso, Santiago"]
[Result "0-1"]
[WhiteElo "2193"]
[BlackElo "2096"]
[PlyCount "76"]
[EventDate "2006.08.19"]
[EventType "swiss"]
[EventRounds "1"]
[EventCountry "ESP"]
[Source "lmi"]
[SourceDate "2006.08.21"]

1. e4 c5 2. Nf3 d6 3. d4 cxd4 4. Nxd4 Nf6 5. Nc3 e5 6. Nb3 Nc6 7. Be2 Be6 8.
Bg5 Be7 9. Qd2 h6 10. Bxf6 Bxf6 11. Rd1 Be7 12. Nb5 O-O 13. O-O Qb6 14. c4 Rfd8
15. Nc3 Rac8 16. Qc2 Nb4 17. Qb1 Bxc4 18. Bxc4 Rxc4 19. a3 Nc6 20. Qa2 Rc8 21.
Rd3 Qa6 22. Rf3 Bf8 23. h3 Nd4 24. Nxd4 exd4 25. Nb1 d5 26. Nd2 Rc2 27. Qxd5
Rxd2 28. Qxf7+ Kh8 29. Re1 d3 30. Qd5 Re2 31. Rd1 d2 32. Rxd2 Rxd2 33. Qxd2 Bd6
34. Rd3 Be5 35. Rd5 Qf6 36. b4 Bf4 37. Qe2 Rc1+ 38. Rd1 Qa1 0-1

[Event "23. Collado Villalba"]
[Site "Collado Villalba ESP"]
[Date "2006.08.21"]
[Round "3.24"]
[White "Pardo Robles, Jose Manuel"]
[Black "Garcia Galeote, Lorenzo"]
[Result "0-1"]
[WhiteElo "2025"]
[BlackElo "2144"]
[PlyCount "72"]
[EventDate "2006.08.19"]
[EventType "swiss"]
[EventRounds "1"]
[EventCountry "ESP"]
[Source "lmi"]
[SourceDate "2006.08.21"]

1. e4 Nc6 2. d4 d5 3. e5 f6 4. Bb5 a6 5. Bxc6+ bxc6 6. h3 Bf5 7. g4 Be4 8. f3
Bg6 9. e6 Qd6 10. Qe2 h5 11. Kd1 hxg4 12. fxg4 Be4 13. Rh2 Qxe6 14. Nc3 f5 15.
Bf4 g5 16. gxf5 Qxf5 17. Be5 Rh4 18. Rf2 Qg6 19. Bg3 Rh7 20. Nxe4 dxe4 21. Qc4
Rd8 22. Ke2 Bh6 23. Raf1 g4 24. h4 Rd5 25. Bf4 g3 26. Rg2 Qg4+ 27. Ke3 Qe6 28.
Ne2 Rf7 29. Rxg3 Bg7 30. Rfg1 Nh6 31. Rg6 Nf5+ 32. Kf2 Qd7 33. c3 Nxd4 34. Rxg7
e3+ 35. Kf1 Qh3+ 36. R7g2 Qf3+ 0-1

[Event "23. Collado Villalba"]
[Site "Collado Villalba ESP"]
[Date "2006.08.21"]
[Round "3.13"]
[White "Labarta Gonzalez-Vallarino, Ivan"]
[Black "Marholev, Dimitar"]
[Result "0-1"]
[WhiteElo "2113"]
[BlackElo "2434"]
[PlyCount "54"]
[EventDate "2006.08.19"]
[EventType "swiss"]
[EventRounds "1"]
[EventCountry "ESP"]
[Source "lmi"]
[SourceDate "2006.08.21"]

1. d4 Nf6 2. c4 g6 3. Nc3 Bg7 4. e4 d6 5. f4 O-O 6. Nf3 c5 7. d5 e6 8. Be2 exd5
9. cxd5 Bg4 10. O-O Nbd7 11. Re1 Re8 12. h3 Bxf3 13. Bxf3 a6 14. a4 c4 15. Be3
Qc7 16. Qe2 Rac8 17. Qf2 Nc5 18. Bxc5 Qxc5 19. Qxc5 Rxc5 20. e5 dxe5 21. fxe5
Nd7 22. Ne4 Rc7 23. e6 fxe6 24. Ng5 Ne5 25. Be4 Nf7 26. Nxe6 Rce7 27. Nxg7 Kxg7
0-1

[Event "23. Collado Villalba"]
[Site "Collado Villalba ESP"]
[Date "2006.08.21"]
[Round "3.8"]
[White "Garcia Paolicchi, Raul"]
[Black "Valles Moreno, Ivan"]
[Result "1/2-1/2"]
[WhiteElo "2228"]
[BlackElo "2356"]
[PlyCount "39"]
[EventDate "2006.08.19"]
[EventType "swiss"]
[EventRounds "1"]
[EventCountry "ESP"]
[Source "lmi"]
[SourceDate "2006.08.21"]

1. d4 d5 2. Nf3 Nf6 3. c4 dxc4 4. Qa4+ Nc6 5. Qxc4 e5 6. dxe5 Be6 7. Qa4 Nd7 8.
Bd2 Bf5 9. Qf4 Bg6 10. g3 Qe7 11. Bc3 Nb4 12. Na3 Nd5 13. Qc4 Nxc3 14. Qxc3 Qb4
15. Nc4 Nb6 16. Qxb4 Bxb4+ 17. Ncd2 Nc4 18. O-O-O Bxd2+ 19. Nxd2 Nxe5 20. Bh3
1/2-1/2

[Event "23. Collado Villalba"]
[Site "Collado Villalba ESP"]
[Date "2006.08.21"]
[Round "3.11"]
[White "Taboas Rodriguez, Daniel"]
[Black "Aranaz Portugues, Jose Carlos"]
[Result "1/2-1/2"]
[WhiteElo "2323"]
[BlackElo "2159"]
[PlyCount "31"]
[EventDate "2006.08.19"]
[EventType "swiss"]
[EventRounds "1"]
[EventCountry "ESP"]
[Source "lmi"]
[SourceDate "2006.08.21"]

1. d4 g6 2. e4 Bg7 3. Nf3 d6 4. c4 c5 5. d5 e5 6. Nc3 Ne7 7. h4 h6 8. h5 g5 9.
Bd3 Bg4 10. Qb3 Bc8 11. Ne2 Na6 12. Ng3 Qb6 13. Nd2 Bd7 14. Qd1 Nb4 15. Be2 Qa5
16. a3 1/2-1/2

[Event "23. Collado Villalba B"]
[Site "Collado Villalba ESP"]
[Date "2006.08.21"]
[Round "3.2"]
[White "Sanchez Gonzalez, Alejandro"]
[Black "Pimienta Sanchez, Manuel"]
[Result "0-1"]
[WhiteElo "1797"]
[BlackElo "1940"]
[PlyCount "100"]
[EventDate "2006.08.19"]
[EventType "swiss"]
[EventRounds "1"]
[EventCountry "ESP"]
[Source "lmi"]
[SourceDate "2006.08.21"]

1. e4 g6 2. d4 Bg7 3. Nf3 c5 4. Nc3 cxd4 5. Nxd4 Nc6 6. Be3 Nf6 7. Be2 O-O 8.
O-O d6 9. a3 Bd7 10. Rc1 Qc8 11. Bf3 Ne5 12. Nd5 Nxd5 13. exd5 Nc4 14. b3 Nxe3
15. fxe3 Qc3 16. Re1 Rfc8 17. a4 Bxd4 18. Qxd4 Qxd4 19. exd4 Kf8 20. Re2 Rc3
21. Be4 Rac8 22. Bd3 Rxb3 23. Rce1 Rb4 24. Rxe7 Bxa4 25. c4 Re8 26. Rxe8+ Bxe8
27. Rb1 Rxb1+ 28. Bxb1 Ba4 29. Ba2 Ke7 30. c5 Bc2 31. Kf2 a5 32. Ke3 g5 33. g4
f5 34. gxf5 Bxf5 35. c6 b5 36. Kd2 h5 37. Bb3 Kd8 38. Ke3 Kc7 39. Bd1 a4 40.
Kd2 Be4 41. Bxh5 Bxd5 42. Kc3 Kxc6 43. Kb4 Kb6 44. Be2 Bc6 45. d5 Bxd5 46. Bxb5
a3 47. Kxa3 Kxb5 48. Kb2 Kc4 49. Kc2 Kd4 50. Kd2 Be6 0-1

[Event "23. Collado Villalba B"]
[Site "Collado Villalba ESP"]
[Date "2006.08.21"]
[Round "3.1"]
[White "Furio Zapata, Roberto"]
[Black "Martin Manzano, Antonio"]
[Result "0-1"]
[WhiteElo "1859"]
[BlackElo "1968"]
[PlyCount "72"]
[EventDate "2006.08.19"]
[EventType "swiss"]
[EventRounds "1"]
[EventCountry "ESP"]
[Source "lmi"]
[SourceDate "2006.08.21"]

1. d4 Nf6 2. c4 g6 3. Nc3 Bg7 4. e4 d6 5. f4 c5 6. d5 O-O 7. Nf3 Nbd7 8. Be2
Ne8 9. O-O a6 10. Be3 b5 11. cxb5 axb5 12. Bxb5 Nef6 13. Qc2 Ng4 14. Bd2 Qb6
15. Bc6 Rb8 16. Na4 Qa7 17. Kh1 Ba6 18. Rfe1 c4 19. h3 Nf2+ 20. Kh2 Nd3 21. Re2
e5 22. Rb1 exf4 23. Bc3 N7e5 24. Nxe5 Nxe5 25. Rf2 Qe3 26. b4 cxb3 27. Rxb3
Rxb3 28. axb3 Qg3+ 29. Kh1 Bd3 30. Qd2 Bxe4 31. Rxf4 Bxg2+ 32. Qxg2 Qxf4 33. b4
Nd3 34. Bd2 Nf2+ 35. Kg1 Qxd2 36. Qxf2 Bd4 0-1

[Event "23. Collado Villalba B"]
[Site "Collado Villalba ESP"]
[Date "2006.08.21"]
[Round "3.3"]
[White "Garcia Ruiz, Ricardo"]
[Black "Sanchez-Alarcos Galian, Victor"]
[Result "0-1"]
[WhiteElo "1939"]
[BlackElo "1737"]
[PlyCount "48"]
[EventDate "2006.08.19"]
[EventType "swiss"]
[EventRounds "1"]
[EventCountry "ESP"]
[Source "lmi"]
[SourceDate "2006.08.21"]

1. e4 c5 2. f4 d5 3. exd5 Nf6 4. c4 e6 5. dxe6 Bxe6 6. Nf3 Nc6 7. Be2 Bd6 8. d3
Qb6 9. O-O O-O 10. Nc3 Rfe8 11. Ne4 Be7 12. b3 Rad8 13. Qe1 Bf5 14. Bb2 Nxe4
15. dxe4 Bxe4 16. Ng5 Bxg5 17. fxg5 Nd4 18. Qf2 Nxe2+ 19. Qxe2 Bd3 20. Qf3 Bxf1
21. Rxf1 Rd7 22. h4 Qg6 23. Qg4 Qe6 24. Qh5 Qe2 0-1

[Event "23. Collado Villalba"]
[Site "Collado Villalba ESP"]
[Date "2006.08.22"]
[Round "4.1"]
[White "Guliev, Logman"]
[Black "Petkov, Vladimir"]
[Result "1-0"]
[WhiteElo "2417"]
[BlackElo "2480"]
[PlyCount "81"]
[EventDate "2006.08.19"]
[EventType "swiss"]
[EventRounds "1"]
[EventCountry "ESP"]
[Source "lmi"]
[SourceDate "2006.08.21"]

1. e4 c5 2. Nc3 d6 3. Nf3 Nf6 4. d4 cxd4 5. Nxd4 a6 6. Be3 e5 7. Nf3 Be7 8. Bc4
O-O 9. O-O Be6 10. Bb3 Nc6 11. Bg5 Nd7 12. Bxe7 Qxe7 13. Nd5 Qd8 14. c3 Rc8 15.
Qe2 Ne7 16. Rfd1 Nc5 17. Nxe7+ Qxe7 18. Bd5 Bg4 19. Qe3 Kh8 20. h3 Bd7 21. Rd2
f5 22. Qg5 Qe8 23. exf5 Bxf5 24. Qh4 Bg6 25. Re1 Qb5 26. Red1 Qb6 27. b4 Na4
28. Bb3 Nxc3 29. Rxd6 Qc7 30. Nxe5 Be8 31. Re6 g5 32. Qxg5 Qg7 33. Qxg7+ Kxg7
34. Re1 Rc7 35. Re3 Bb5 36. Kh2 Rxf2 37. Rg3+ Kf8 38. Rh6 Rg7 39. Ng4 Ne2 40.
Re3 Nf4 41. Rf6+ 1-0

[Event "23. Collado Villalba"]
[Site "Collado Villalba ESP"]
[Date "2006.08.22"]
[Round "4.2"]
[White "Moreno Ruiz, Javier"]
[Black "Solaesa Navalpotro, Luis Julio"]
[Result "1-0"]
[WhiteElo "2469"]
[BlackElo "2334"]
[PlyCount "79"]
[EventDate "2006.08.19"]
[EventType "swiss"]
[EventRounds "1"]
[EventCountry "ESP"]
[Source "lmi"]
[SourceDate "2006.08.21"]

1. d4 Nf6 2. c4 c5 3. d5 b5 4. cxb5 a6 5. bxa6 Bxa6 6. Nc3 d6 7. g3 g6 8. Bg2
Bg7 9. Nf3 Nbd7 10. Rb1 Nb6 11. b3 Bb7 12. Nh4 O-O 13. O-O Ra7 14. Bb2 Qa8 15.
e4 Rd8 16. a4 Ba6 17. Re1 Nbd7 18. f4 Ne8 19. e5 dxe5 20. d6 Qb8 21. dxe7 Rc8
22. Nd5 exf4 23. Bxg7 Kxg7 24. gxf4 Ndf6 25. Bh3 Nxd5 26. Qxd5 Rcc7 27. Qd8 Ra8
28. Rbd1 Qa7 29. Bg2 Bb7 30. Kh1 Bxg2+ 31. Nxg2 c4 32. bxc4 Rxc4 33. a5 Ra4 34.
Re5 Rxa5 35. Rxa5 Qxa5 36. Qd4+ f6 37. Ne3 Qa4 38. Qd5 Ra5 39. Qf3 Qb3 40. Nf5+
1-0

[Event "23. Collado Villalba"]
[Site "Collado Villalba ESP"]
[Date "2006.08.22"]
[Round "4.7"]
[White "Marholev, Dimitar"]
[Black "Cueto, Johny"]
[Result "1/2-1/2"]
[WhiteElo "2434"]
[BlackElo "2314"]
[PlyCount "80"]
[EventDate "2006.08.19"]
[EventType "swiss"]
[EventRounds "1"]
[EventCountry "ESP"]
[Source "lmi"]
[SourceDate "2006.08.21"]

1. e4 b6 2. d4 Bb7 3. Bd3 Nf6 4. Nd2 e6 5. Ngf3 c5 6. O-O d5 7. exd5 exd5 8.
Re1+ Be7 9. Bb5+ Bc6 10. Bf1 O-O 11. Ne5 Bb7 12. g3 Nc6 13. Nxc6 Bxc6 14. Bg2
Rc8 15. Nf3 Bd7 16. c3 c4 17. Ne5 Be6 18. Bg5 b5 19. a3 Re8 20. Bxf6 Bxf6 21.
Ng4 Be7 22. Ne3 Qd7 23. f4 f6 24. Qf3 Rcd8 25. Re2 Bf8 26. Rae1 Bf7 27. h4 a5
28. Kh2 b4 29. axb4 axb4 30. Bh3 Qa4 31. Nf5 Rxe2+ 32. Rxe2 Qb3 33. g4 g6 34.
Ng3 Ra8 35. Bg2 Ra2 36. Qf2 bxc3 37. bxc3 Rxe2 38. Nxe2 Qc2 39. Qf3 Ba3 40. g5
f5 1/2-1/2

[Event "23. Collado Villalba"]
[Site "Collado Villalba ESP"]
[Date "2006.08.22"]
[Round "4.8"]
[White "Roa Alonso, Santiago"]
[Black "Ramos Fernandez, Pedro"]
[Result "1-0"]
[WhiteElo "2418"]
[BlackElo "2132"]
[PlyCount "79"]
[EventDate "2006.08.19"]
[EventType "swiss"]
[EventRounds "1"]
[EventCountry "ESP"]
[Source "lmi"]
[SourceDate "2006.08.21"]

1. e4 e5 2. Nc3 d6 3. Bc4 Be7 4. f4 exf4 5. Nf3 Bh4+ 6. Kf1 Bg4 7. d4 Nc6 8.
Bxf4 Nge7 9. Qd3 Bxf3 10. gxf3 Qd7 11. Bg3 Qh3+ 12. Kf2 O-O-O 13. Ne2 g5 14.
Bxf7 h5 15. d5 Ne5 16. Be6+ Qxe6 17. dxe6 Nxd3+ 18. cxd3 Ng6 19. Bxh4 Nxh4 20.
f4 gxf4 21. Nxf4 Rdf8 22. Ke3 d5 23. Nxd5 Ng2+ 24. Ke2 c6 25. Ne7+ Kc7 26. Raf1
Re8 27. Rhg1 Rxe7 28. Rxg2 Kd6 29. Rf7 Rh7 30. Rxh7 Rxh7 31. Rg6 c5 32. Ke3 h4
33. h3 b5 34. Rg5 Rc7 35. Rg6 Ke5 36. b4 cxb4 37. d4+ Kd6 38. d5 Rc1 39. Rg7
Re1+ 40. Kd3 1-0

[Event "23. Collado Villalba"]
[Site "Collado Villalba ESP"]
[Date "2006.08.22"]
[Round "4.9"]
[White "Ivanovitch Balsinde, Nicolas M"]
[Black "Pogorelov, Ruslan"]
[Result "1/2-1/2"]
[WhiteElo "2140"]
[BlackElo "2395"]
[PlyCount "117"]
[EventDate "2006.08.19"]
[EventType "swiss"]
[EventRounds "1"]
[EventCountry "ESP"]
[Source "lmi"]
[SourceDate "2006.08.21"]

1. e4 c5 2. Nf3 d6 3. d4 cxd4 4. Nxd4 Nf6 5. Nc3 a6 6. Be3 e5 7. Nf3 Qc7 8. a4
b6 9. Nd5 Nxd5 10. Qxd5 Bb7 11. Qb3 Bxe4 12. Bc4 Qb7 13. Ng5 d5 14. Nxe4 dxc4
15. Qxc4 Be7 16. O-O-O O-O 17. Nd6 Bxd6 18. Rxd6 b5 19. Qd5 Qxd5 20. Rxd5 Nc6
21. Rc5 Rfc8 22. Rd1 e4 23. Kb1 bxa4 24. Rd6 Nb4 25. Rb6 Rxc5 26. Bxc5 Nd5 27.
Rd6 Nf4 28. g3 Ne6 29. Ba3 h6 30. Kc1 g5 31. Kd2 Rc8 32. c3 Rd8 33. Rxd8+ Nxd8
34. g4 h5 35. h3 hxg4 36. hxg4 Nc6 37. Ke3 Ne5 38. Kxe4 Nxg4 39. f3 Nf2+ 40.
Kf5 Nd3 41. Kxg5 Ne5 42. Kf4 Nc4 43. Ke4 Kg7 44. f4 Kf6 45. Kd4 Nd2 46. c4 Ke6
47. Kc3 Ne4+ 48. Kb4 Kf5 49. c5 Kxf4 50. c6 Ke5 51. c7 Nd6 52. Kc5 Nc8 53. Kc6
Ke6 54. Bc5 f5 55. Be3 Ne7+ 56. Kb7 Kd7 57. Bf4 Nc8 58. Bg3 Ne7 59. Bf4 1/2-1/2

[Event "23. Collado Villalba"]
[Site "Collado Villalba ESP"]
[Date "2006.08.22"]
[Round "4.11"]
[White "Erice Alonso, Santiago"]
[Black "Alonso Fernandez, Marcos"]
[Result "0-1"]
[WhiteElo "2096"]
[BlackElo "2296"]
[PlyCount "70"]
[EventDate "2006.08.19"]
[EventType "swiss"]
[EventRounds "1"]
[EventCountry "ESP"]
[Source "lmi"]
[SourceDate "2006.08.21"]

1. c4 e6 2. Nc3 d5 3. cxd5 exd5 4. d4 Nf6 5. Bg5 c6 6. Qc2 Na6 7. a3 Be7 8. e3
Nc7 9. Nf3 Ne6 10. Bh4 O-O 11. Be2 g6 12. O-O Ng7 13. h3 Nf5 14. Bxf6 Bxf6 15.
b4 a6 16. a4 Nd6 17. b5 Bf5 18. Qb3 Qa5 19. Rac1 Rfc8 20. Nd2 Kg7 21. bxa6 bxa6
22. Qa3 Nb5 23. Nb3 Qxc3 24. Bxb5 Bc2 25. Rxc2 Qxc2 26. Rc1 Qf5 27. Bxc6 Rab8
28. a5 Qd3 29. Bxd5 Rxb3 30. Bxb3 Rxc1+ 31. Qxc1 Qxb3 32. Qc6 Qd1+ 33. Kh2 Qe2
34. Kg3 h5 35. h4 Bxh4+ 0-1

[Event "23. Collado Villalba"]
[Site "Collado Villalba ESP"]
[Date "2006.08.22"]
[Round "4.12"]
[White "Perez Gonzalez, Jose Manuel"]
[Black "Torres Grajales, Ramon"]
[Result "1-0"]
[WhiteElo "2281"]
[BlackElo "2097"]
[PlyCount "47"]
[EventDate "2006.08.19"]
[EventType "swiss"]
[EventRounds "1"]
[EventCountry "ESP"]
[Source "lmi"]
[SourceDate "2006.08.21"]

1. e4 e5 2. Nf3 Nc6 3. c3 d5 4. Qa4 dxe4 5. Nxe5 Bd7 6. Nxd7 Qxd7 7. Qxe4+ Be7
8. d4 Nf6 9. Qf3 O-O 10. Bd3 h6 11. O-O Nd8 12. Nd2 c5 13. dxc5 Nc6 14. Bf5 Ne5
15. Bxd7 Nxf3+ 16. Nxf3 Nxd7 17. b4 Bf6 18. Bb2 Rac8 19. Rad1 Nb8 20. Nd4 Nd7
21. f4 a6 22. Nf5 Nb8 23. Nd6 Rc7 24. Rfe1 1-0

[Event "23. Collado Villalba"]
[Site "Collado Villalba ESP"]
[Date "2006.08.22"]
[Round "4.13"]
[White "De La Barrera Montenegro, Eduardo"]
[Black "Ruiz Saiz, Agustin"]
[Result "0-1"]
[WhiteElo "2099"]
[BlackElo "2265"]
[PlyCount "92"]
[EventDate "2006.08.19"]
[EventType "swiss"]
[EventRounds "1"]
[EventCountry "ESP"]
[Source "lmi"]
[SourceDate "2006.08.21"]

1. e4 c5 2. Nf3 e6 3. d4 cxd4 4. Nxd4 Nf6 5. Nc3 Nc6 6. f3 Bb4 7. Bg5 h6 8.
Bxf6 Qxf6 9. Ndb5 O-O 10. a3 Ba5 11. b4 Bd8 12. Na4 a6 13. Nd6 b5 14. Nc5 Qc3+
15. Kf2 Bf6 16. Be2 Bd4+ 17. Kg3 Qe3 18. Nxc8 Raxc8 19. Rb1 Qg5+ 20. Kh3 Qh5+
21. Kg3 f5 22. h4 f4+ 23. Kh3 Bf2 24. g4 Qxh4+ 25. Kg2 Qg3+ 26. Kf1 Nd4 27. c3
Be3 28. Qe1 Qxe1+ 29. Kxe1 Nxe2 30. Kxe2 Bxc5 31. bxc5 Rxc5 32. Rhd1 Rxc3 33.
Rxd7 Rfc8 34. a4 Re3+ 35. Kd2 Rxf3 36. axb5 axb5 37. Rxb5 Rg3 38. Rb6 Rxg4 39.
Rxe6 f3 40. Re5 Rg2+ 41. Ke3 Rc3+ 42. Kd4 Rd2+ 43. Kxc3 Rxd7 44. Rf5 Rf7 45.
Rxf7 Kxf7 46. Kd3 Ke6 0-1